000 00747cam a2200205 4500
001 ##L134646
008 060822n2006 000 0 eng u
035 _a(Sirsi) u134646
041 0 _aeng
050 0 4 _a711.52 $2 18
110 2 _aEnglish Heritage
_92714
245 0 0 _aShared interest
_bcelebrating investment in the historic environment.
260 _aLondon
_bEnglish Heritage
_c2006
300 _a49p.
_bill.
_c30cm.
520 _aA selection of case studies that illustrate the successful adaptation and development of historic buildings and their surroundings.
590 _aIKA220806
651 4 _aEngland
_y886-
690 _aBUILT ENVIRONMENT-BUILDING TYPES-HISTORIC BUILDINGS AND ANCIENT MONUMENTS-LISTED BUILDINGS
942 _n0
999 _c105756
_d105756